zpět

Detail výsledku týmu

U Boudů - Kolovraty, Praha

Datum a čas kvízu

25.5 Celkem bodů Celkový počet nahraných bodů na tomto kvízu bez doplňovacích otázek.
9. Pořadí na kvízu Konečné umístění týmu na tomto kvízu.

Zaznamenané odpovědi

# Otázka Odpověď Body Výsledky
2. Který ze členů britské královs... princ Andrew 1
3. Počátkem týdne jsme se dozvědě... Katy Perry; Justin Trudeau 0
4. Kim Kardashian minulý týden př... Jsou chlupaté. 1
5. Fotbalisté z malého afrického... Kapverdy 0
1. Minulý čtvrtek byl na několik... Metrouš 0
6. Napište jméno pouště na obrázk... Namib (Namibská poušť) 0
7. Uveďte, kterým čtyřpísmenným p... vádí 1
8. Vyberte, se kterým živočichem... B 1
9. Vojáci Československého pěšího... Tobruk 0
10. Britský umělec Gordon Sumner s... Sting 0